000
00282nam a22001337a 4500
008
171222b xxu||||| |||| 00| 0 eng d
020
_a
9780517065594
041
_a
eng
080
_a
902
100
_a
45
101
_a
ARK
245
_a
ANCIENT TIMES
_c
O'NEILL,A
942
_2
udc
_c
BK
999
_c
39357
_d
39357